Computer applications with fortrain programs / (Record no. 133237)

MARC details
000 -LEADER
fixed length control field 00676nam a22002177a 4500
005 - DATE AND TIME OF LATEST TRANSACTION
control field 20170124110206.0
010 ## - LIBRARY OF CONGRESS CONTROL NUMBER
LC control number A-820676
020 ## - INTERNATIONAL STANDARD BOOK NUMBER
Terms of availability 180.00
035 ## - SYSTEM CONTROL NUMBER
System control number A-820676
037 ## - SOURCE OF ACQUISITION
Source of stock number/acquisition Cen Lib/Ret
040 ## - CATALOGING SOURCE
Original cataloging agency DPL
Language of cataloging EN
082 ## - DEWEY DECIMAL CLASSIFICATION NUMBER
Classification number 001.6424
Item number ABH
100 ## - MAIN ENTRY--PERSONAL NAME
Personal name Abhyankar, A.K.
9 (RLIN) 37313
245 ## - TITLE STATEMENT
Title Computer applications with fortrain programs /
Statement of responsibility, etc by A.K.Abhyankar
260 ## - PUBLICATION, DISTRIBUTION, ETC. (IMPRINT)
Place of publication, distribution, etc Pune
Name of publisher, distributor, etc C-Aditi Publications
Date of publication, distribution, etc 1996
270 ## - ADDRESS
Address 696, Narayan Path Phadke Wada Near Akshata Laxmi Road
City Pune
300 ## - PHYSICAL DESCRIPTION
Extent Various Pages
Dimensions 21cm(Hb)
650 ## - SUBJECT ADDED ENTRY--TOPICAL TERM
Topical term or geographic name as entry element Computer applications
9 (RLIN) 37314
650 ## - SUBJECT ADDED ENTRY--TOPICAL TERM
Topical term or geographic name as entry element Fortran programs
9 (RLIN) 37315
942 ## - ADDED ENTRY ELEMENTS (KOHA)
Source of classification or shelving scheme Dewey Decimal Classification
Koha item type English Books
Classification part 001.6424
Call number suffix ABH
Holdings
Withdrawn status Lost status Damaged status Not for loan Home library Current library Date acquired Source of acquisition Cost, normal purchase price Total Checkouts Full call number Barcode Date last seen Copy number Cost, replacement price Price effective from Koha item type
        Central Library Central Library 25/07/2015 Cen Lib/Ret 180.00   001.6424 ABH A-820676 25/07/2015 1 180.00 25/07/2015 English Books

© Delhi Public Library
Hit Counter
free hit counter